000
00250nam a2200097Ia 4500
005
20250424112921.0
008
250424s9999 xx 000 0 und d
300
_a
vii, 226 p. :ill. ; 20 cm.
650
_a
Developing countries--Periodicals.
942
_c
SR
999
_c
37865
_d
37865